[Event "WchT 6th"]
[Site "Beersheba"]
[Date "2005.11.02"]
[Round "2.3"]
[White "Volokitin, Andrei"]
[Black "Goldin, Alexander"]
[Result "1-0"]
[WhiteElo "2666"]
[BlackElo "2600"]
[Annotator "Erenburg,S"]
[PlyCount "105"]
[EventDate "2005.11.01"]
[EventType "team-tourn"]
[EventRounds "9"]
[EventCountry "ISR"]
[SourceTitle "CBM 110"]
[Source "ChessBase"]
[SourceDate "2006.01.31"]
[SourceVersion "1"]
[SourceVersionDate "2006.01.31"]
[SourceQuality "1"]
[WhiteTeam "Ukraine"]
[BlackTeam "US of America"]
[WhiteTeamCountry "UKR"]
[BlackTeamCountry "USA"]

{[%mdl 4]} 1. e4 e5 2. Nf3 Nc6 3. Bb5 a6 4. Ba4 Nf6 5. O-O Be7 6. Re1 b5 7. Bb3
d6 8. c3 O-O 9. h3 Nd7 {liberating the f6 square for the dark-squared bishop.}
10. d4 Bf6 {Other theoretifcal continuations are:} (10... Bb7 11. Nbd2 Bf6 12.
Nf1 Re8 13. N1h2 exd4 {In principle a risky decision, since White gets a
perfect centre, but Black intends to challenge it immediately.} 14. cxd4 Na5
15. Bc2 c5 16. Ng4 cxd4 17. Nxd4 Bxd4 18. Qxd4 $14 {1-0 Bauer,C-Fressinet,L/
Belfort 2003/CBM 99/[Wedberg] (37)}) (10... Nb6 {Black prefers not to define
the position of his light-squared bishop as long time as possible.} 11. Nbd2 (
11. Be3 exd4 12. cxd4 Na5 13. Bc2 c5 14. Nc3 Nac4 15. Bc1 cxd4 16. Nxd4 Bf6 17.
a4 bxa4 $10 {1-0 Gligoric,S-Olafsson,F/Bled/Zagreb/Belgrade 1959/Candidates/
[Bulletin] (51)}) (11. a3 Bf6 12. Ba2 Bb7 13. Be3 d5 14. Nxe5 Nxe5 15. dxe5
Bxe5 16. Bxb6 cxb6 17. Bxd5 $14 {1-0 Short,N-Adams,M/Groningen 1997/CBM 063 
(44)}) 11... Bf6 12. Nf1 ({White didn't get anything after} 12. dxe5 Nxe5 13.
Nxe5 dxe5 14. Qf3 c5 15. Nf1 c4 16. Bc2 Be6 $11 {1-0 Shirov,A-Balashov,Y/
Tallinn EST 2005/The Week in Chess 533 (35)}) 12... Na5 {driving away the
bishop from an active position, and, at the same time, preparing c7-c5 advance.
} (12... Re8 13. N1h2 exd4 14. cxd4 Na5 15. Bc2 c5 16. b3 {1-0 Popovic,P-Salov,
V/Manila 1990/CBM 019/[Schussler] (57)}) 13. Bc2 c5 14. b3 $1 $146 {Extremely
strong novelty. It seems a bit strange to open the long diagonal, when black's
dark-squared bishop is located on f6. But, white covers the c4 spot, and
making possible the development of dark-squared bishop. In the previous games
white tried:} cxd4 15. cxd4 Nc6 {attacking white's centre.} ({Black doesn't
equalize after} 15... exd4 16. Nxd4 Bb7 (16... d5 17. e5 $16) 17. Be3 $14) 16.
Be3 {White isn't interested to close the centre:} (16. d5 {Erenburg} Nb4 17.
Bb1 a5 $13 {[%cal Yb4a6,Ya6c5]}) {Black faces some problems to maintain the
tension in the centre, as he cannot complete the development of the queenside.}
16... d5 $2 {losing the pawn.} ({Better was to get the position with inferior
pawn structure, but with material balance:} 16... exd4 17. Nxd4 Nxd4 18. Bxd4
Be5 {[%cal Yd8f6]} (18... Nd7 19. Ne3 Bb7 20. Nf5 $16) 19. Rc1 $14) 17. exd5
Nxd5 18. dxe5 Nxe5 19. Nxe5 Bxe5 20. Bxh7+ $1 {Simple tactics, that gives
white a material advantage.} Kxh7 21. Qh5+ Kg8 22. Qxe5 $16 {1-0 Galkin,
A-Balashov,Y/Kazan 2005/CBM 109_01/[Erenburg] (32) White is a pawn up without
any compensation from the black's side.}) 11. a4 {attacking black's queenside
pawns.} Bb7 12. Na3 exd4 ({The main alternative to the continuation in the
game is} 12... Nb6 13. d5 Ne7 14. Be3 c6 15. axb5 axb5 16. dxc6 Bxc6 17. Bxb6
Qxb6 18. Qxd6 Rfd8 19. Qb4 Qb7 (19... Ng6 $6 20. Nc4 $1 Qc7 21. Rxa8 Bxa8 22.
Qxb5 Rb8 23. Qa6 $16 {Kruppa,Y-Ginsburg,G/Kherson/1990/0,5/41/ (27)}) 20. Rad1
Rxd1 21. Rxd1 $1 $146 {This looks like a strong improvement over previous
games.} (21. Bxd1 Ng6 22. Bc2 Be7 {Hennigan,M-Rausis,I/Gausdal/1995/0,5/22/}
23. Qb3 Bc5 $44 {Timoshenko/}) 21... Bxe4 (21... Ng6 22. Bd5 $16) 22. Nxb5 Bxf3
23. gxf3 Qxf3 24. Nd6 $1 {The point of White´s play. White´s attack is more
real than Black´s. One important factor is that White covers the fourth rank
with his Q. So Black has no Qg4+.} Qxh3 25. Nxf7 Kf8 26. Nd8 $1 {1-0 Lastin,
A-Kholmov,R/Rovno 2000/CBM 076/[Wedberg] (26)}) 13. cxd4 Na5 {attacking
white's light-squared bishop, as well as opening the long diagonal for black's
light-squared one. Black tried also:} (13... Re8 14. Bf4 Na5 15. Bc2 b4 16. Nb1
Nf8 17. Nbd2 Ne6 18. Be3 c5 19. d5 Nf8 20. Rb1 c4 21. Qe2 Rc8 22. Nh2 b3 $146
23. Bd1 Nd7 24. Ng4 Bxb2 $6 {Dubious, because Black loses control over the
black squares. The black P:s look much more dangerous than they actually are.}
(24... Bg5 $142) 25. Rxb2 c3 26. Rb1 cxd2 $6 (26... c2 $142 {Wedberg} 27. Rc1
cxd1=Q 28. Rcxd1 $14) 27. Bxd2 Nc5 (27... Bxd5 28. Nh6+ $1 (28. Qxa6 Nc4) 28...
gxh6 29. Qg4+ Kh8 30. exd5 $16) 28. Qf3 Nc4 29. Bc3 $40 {1-0 Svidler,P-Smagin,
S/St Petersburg 1998/CBM 067/[Wedberg] (35) Black suffers from the absence of
defenders on the K-side. White threatens to win easily with the standard
attack starting with Nf6+.}) (13... Nb6 $5 14. Bf4 $1 (14. axb5 axb5 15. Bf4 b4
16. Nc4 Rxa1 17. Qxa1 Nxc4 18. Bxc4 Nxd4 $15) 14... bxa4 15. Bxa4 Nxa4 16. Qxa4
a5 (16... Ne7 17. e5 Ng6 $13) 17. Bd2 Re8 18. d5 $14 Nb4 19. Bxb4 axb4 20. Qxb4
Rb8 21. Qc4 $3 Qc8 $6 (21... Bxb2 22. Ra2 c6 $6 (22... Bxa3 23. Rxa3 $16) (
22... Qf6 23. Qxc7 Rec8 24. Qd7 Qc3 25. Nb5 Qb3 26. Ra7 $16) (22... Bf6 $5 23.
Nb5 Qd7 (23... Re7 24. Nfd4 $16 {C7 will remain weak until it is no longer
existing.}) 24. Nfd4 Bxd4 25. Nxd4 $14) 23. dxc6 Rc8 24. cxb7 Rxc4 25. Nxc4 $18
) 22. Nd4 $1 $16 {1-0 Kasparov,G-Karpov,A/Lyon/New York 1990/CBM 021/[Gurevich,
M] (57)}) 14. Ba2 {keeping important bishop on the board.} ({White doesn't
succeed to win the pawn after} 14. axb5 $6 axb5 15. Bc2 $146 {Of course, open
"a" file plays in black's hands.} (15. Bf4 b4 16. Nc4 Nxb3 17. Qxb3 Bxe4 $1 $11
{1/2-1/2 Enhbat,P-Kholmov,R/Cheliabinsk 1991/CBM 25 (36)}) (15. Nxb5 Nxb3 16.
Rxa8 Qxa8 17. Qxb3 Bxe4 18. Nxc7 Qc6 19. Bf4 (19. d5 $4 Qxc7 20. Rxe4 Qxc1+ $19
) 19... Bxf3 20. Rc1 Qb7 $11) 15... b4 16. Nb1 Re8 17. Bf4 c5 18. Nbd2 cxd4 19.
Bxd6 Nc6 20. Ba4 Nde5 21. Bxe5 Bxe5 22. Rc1 Rc8 23. Nb3 d3 $6 (23... Bf4 24.
Rc4 Qe7 25. Nfxd4 Nxd4 26. Rxd4 Red8 $14) 24. Nc5 d2 25. Qxd2 Qxd2 26. Nxd2 Ba8
27. Nc4 Bf4 28. Rcd1 $16 Ne5 $2 (28... Rcd8 $142) 29. Nb6 $1 {1-0 Oll,L-Wells,
P/Szeged 1997/CBM 062/[Wedberg] (29)}) 14... b4 15. Nc4 Nxc4 16. Bxc4 {White's
plan should be a carrying out of the e4-e5 breakthrough after preparatory Bf4.
It should be noted, that white can put a pressure along the a2-g8 diagonal
after developing the queen to b3.} Re8 {attacking white's central pawn.} ({
Another attempt to equalize is} 16... d5 17. exd5 Nb6 18. Bd3 Nxd5 19. Ne5 Ne7
(19... c5 20. dxc5 Qc7 21. c6 $14) 20. Be3 Qd5 21. f3 Qd6 $13 {Ivanchuk,V-Xie
Jun/Monaco blind 1996/EXP 52/1-0 (49)}) 17. Qb3 Rxe4 18. Bxf7+ {The immediate
capture on f7 looks more principled, than preliminary trade on e4, as white's
queenside rook can be transfered to e1 in one tempo.} (18. Rxe4 Bxe4 19. Bxf7+
Kh8 20. Bd5 Bxd5 21. Qxd5 $14 {1-0 Walsh,C-Barkhagen,J/Berlin 1996/CBM 055/
[Wedberg] (36)}) 18... Kh8 19. Bd2 $146 {connecting the rooks.} ({In preceding
games white continued} 19. Be3 Re7 20. Bd5 c6 (20... Bxd5 21. Qxd5 a5 22. Rac1
Nb6 23. Qb5 Qg8 24. Rc6 h6 25. Rec1 Nd5 $132 {0-1 Tzoumbas,A-Frendzas,P/
Peristeri 1994/CBM 46 (42)}) 21. Be6 Nf8 22. Bg4 a5 23. Rac1 $14 {1/2-1/2
Kasparov,G-Karpov,A/Wch35-KK5 1990/CBM 21/[Schussler] (36)}) ({In case of} 19.
Rxe4 Bxe4 20. Qxb4 {black gets a sufficient compensation after} Bxf3 21. gxf3
c5 $132) 19... a5 {protecting the b4 pawn.} ({Worse is} 19... c5 20. Rxe4 Bxe4
21. Re1 Qe7 22. Bd5 $16) 20. Bd5 {taking control over the open "e" file, as
well as weakening the light squares in black's camp.} (20. Rxe4 Bxe4 21. Re1 {
is met by} d5 $1 22. Bxd5 Nc5 $44) 20... Bxd5 21. Qxd5 Rxe1+ 22. Rxe1 Nb6 {
attacking the queen and a4 pawn at the same time.} 23. Qh5 {All the white's
pieces are directed on the attack against black's monarch. Therefore, white
has quite a good chances to get a sufficient compensation for sacrificed a4
pawn.} Qd7 (23... Nxa4 {is too dangerous:} 24. Bg5 c6 {covering d5 square.} (
24... Nxb2 25. Bxf6 gxf6 26. Nh4 $40) (24... Qd7 25. Nh4 $18) 25. Bxf6 gxf6 26.
Nh4 $16) 24. Bg5 $1 {changing the key piece in black's defence.} Nd5 {bringing
the knight to defence.} (24... Nxa4 {-23...Nxa4}) 25. Nh4 $5 ({Comes to
consideration:} 25. b3 $13) 25... Kg8 $2 {allowing white to get an obvious
advantage.} ({The engine proves, that black could take white's central pawn:} 
25... Bxd4 $1 26. Ng6+ (26. Rd1 $142 $1 c5 27. Ng6+ Kg8 28. Bh4 (28. Qf3 Nc7
$17) 28... Nb6 29. Ne7+ Kh8 30. Ng6+ $11) (26. Bd8 {[%cal Gh5d5,Ge1e8]} Be5 (
26... Rxd8 27. Ng6+ Kg8 28. Qxd5+ Qf7 29. Ne7+ $18) 27. Ng6+ Kg8 $17) 26... Kg8
27. Qf3 (27. Bh4 c6 28. Ne7+ Nxe7 29. Rxe7 Qc8 $17) (27. Ne7+ Nxe7 28. Rxe7 Qf5
$17) 27... c6 (27... Nb6 $4 28. Re7 $18) 28. Re7 $1 (28. Ne7+ Nxe7 29. Rxe7 Qc8
$17 30. Qf7+ $141 Kh8 31. Bh6 Qg8 $19) 28... Nxe7 29. Nxe7+ Kh8 30. Nxc6 (30.
Qf7 Qe8 $19) 30... Bb6 $1 (30... Bc5 31. Ne5 Qe8 32. Nf7+ Kg8 33. Qd5 Bxf2+ 34.
Kh2 Qxf7 35. Qxa8+ Qf8 36. Qd5+ Kh8 37. Qxa5 Bc5 38. Qb5 $14) 31. Ne5 Qa7 32.
Nf7+ Kg8 33. Qd5 Rf8 $19) 26. Qf3 $1 c6 27. Bxf6 Nxf6 (27... Rf8 {doesn't help
black to avoid material loses:} 28. Qh5 Nxf6 29. Qxa5 Nd5 30. Qa6 $16) 28. Nf5
{threatening with an invasion into black's camp.} Re8 (28... Nd5 {isn't better,
than the move in the game:} 29. Qg4 {[%cal Gf5e7,Gf5h6]} Kf8 (29... Kh8 30. Re7
$18) 30. Qh5 Kg8 31. Qg5 Kf8 32. h4 $16) 29. Rxe8+ Nxe8 (29... Qxe8 30. Nxd6
$18) 30. Qxc6 $1 {winning a pawn.} Qxc6 31. Ne7+ Kf7 32. Nxc6 $16 {White is
going to take another black's pawn, that will promise him excellent winning
chances in endgame.} Ke6 33. Nxa5 Kd5 34. Kf1 {activating the king.} Kxd4 35.
Ke2 Nc7 36. Nb3+ {Typical maneouvre in the games with increment time control :
-)} Kc4 37. Na5+ Kd4 38. Kd2 Ne6 39. b3 $2 {throwing away the advantage.} ({
White should have played} 39. Nb7 d5 40. a5 Nc7 41. b3 $16) 39... Nf4 $2 {
missing a great opportunity to get a draw:} (39... Kc5 $1 {[%cal Ye6d4]} 40.
Nb7+ (40. Kc2 $4 d5 $19 {[%cal Gc5b6]}) (40. Nc4 Nd4 41. a5 Nxb3+ 42. Ke3 Kb5
$132) 40... Kc6 41. Na5+ Kc5 $11) 40. Nc4 d5 (40... Kc5 {loses, in view of} 41.
Nb2 $1 (41. Ne3 d5 $14) 41... Nxg2 (41... Kd4 42. a5 $18) 42. Nd3+ $18 {
[%cal Yd3b4]}) 41. Nb2 $1 {[%cal Yg2g3,Gb2d3] covering the d3 square, thus,
winning black's b4 pawn.} Nxg2 42. Nd3 Nh4 43. a5 $18 {White doesn't hurry to
win the b4 pawn, but, first pushes forward his passed pawn "a". White's
connecting passed pawns promise white an easy victory.} Nf3+ 44. Kc2 Ng5 (44...
Ke4 {doesn't change anything:} 45. Nxb4 Nd4+ 46. Kb2 Nb5 47. Nc6 $18) 45. a6
Ne6 46. a7 Nc7 47. Nxb4 Na8 (47... Kc5 48. Na6+ $18) 48. Nc6+ Kc5 49. Ne7 g6 (
49... Kb6 50. Nxd5+ Kxa7 51. Kc3 $18) 50. Kd3 Nc7 51. b4+ $1 Kd6 (51... Kb6 52.
Nxd5+ $18) (51... Kxb4 52. Nxd5+ $18) 52. b5 Na8 53. b6 {getting a promotion
for the "a" pawn.} (53. b6 Nxb6 54. Nc8+ $18) 1-0

[Event "American Continental 3rd"]
[Site "Buenos Aires"]
[Date "2005.08.08"]
[Round "3"]
[White "Vescovi, Giovanni P"]
[Black "Ivanov, Alexander"]
[Result "1/2-1/2"]
[WhiteElo "2640"]
[BlackElo "2566"]
[Annotator "Erenburg,S"]
[PlyCount "63"]
[EventDate "2005.08.06"]
[EventType "swiss"]
[EventRounds "11"]
[EventCountry "ARG"]
[SourceTitle "CBM 109"]
[Source "ChessBase"]
[SourceDate "2005.11.14"]
[SourceVersion "1"]
[SourceVersionDate "2005.11.14"]
[SourceQuality "1"]

{[%mdl 8]} 1. e4 e5 2. Nf3 Nc6 3. Bb5 a6 4. Ba4 Nf6 5. O-O Be7 6. Re1 (6. Bxc6
$5 dxc6 7. d3 Nd7 8. Nbd2 O-O {1/2-1/2 Sutovsky,E-Adams,M/Dortmund 2005/CBM
108_01/[Erenburg] (51)}) 6... b5 7. Bb3 d6 {threatening to eliminate the
light-squared bishop.} (7... O-O 8. d4 d6 9. c3 Bg4 {1/2-1/2 Kramnik,V-Adams,M/
Dortmund 2005/CBM 108_01/[Erenburg] (58)}) 8. c3 O-O 9. h3 {covering the g4
square.} ({More ambitious is} 9. d4 Bg4 10. d5 Na5 11. Bc2 {1-0 Comp
Hydra-Adams,M/London 2005/CBM 108_01/[Erenburg] (28)}) 9... Bb7 {Zaitsev
variation is Alexander Ivanov's favourite one. He has a lot of experience in
this variation.} (9... Na5 10. Bc2 c5 {1-0 Leko,P-Adams,M/Miskolc 2005/CBM
108_01/[Erenburg] (44)}) 10. d4 Re8 11. Nbd2 {strengthening the central e4
pawn.} (11. Ng5 Rf8 12. Nf3 Re8 13. Nbd2 Bf8 14. a3 {0-1 Sutovsky,E-Bacrot,E/
Dortmund 2005/CBM 108_01/[Erenburg] (31)}) 11... Bf8 12. a4 {creating a
tension on the queenside.} (12. a3 {- see 11.Ng5.}) 12... exd4 $5 {Other
theoretical possibilities are:} (12... h6 13. d5 Nb8 14. c4 c6 15. axb5 axb5
16. Rxa8 Bxa8 17. cxb5 {1-0 Haznedaroglu,K-Dervishi,E/Mallorca 2004/CBM 104/
[Wedberg] (67)}) (12... Na5 13. Ba2 $1 $146 {[%cal Ra2g8]} c5 14. b4 cxb4 15.
cxb4 Nc6 16. Qb3 Qc7 $6 17. d5 Ne7 18. Bb1 $1 $16 {[%cal Gb1d3] 1-0 Ivanchuk,
V-Beliavsky,A/Lvov 2000/CBM 077/[Ivanchuk] (41)}) 13. cxd4 Qd7 {connecting the
rooks.} (13... Nb4 $5 {is an interesting alternative:} 14. e5 dxe5 15. dxe5
Nfd5 16. Ne4 c5 17. axb5 axb5 18. Rxa8 Bxa8 19. Nfg5 h6 20. e6 hxg5 21. Nxg5 f6
22. Qh5 fxg5 23. Qf7+ Kh8 24. Qh5+ {1/2-1/2 Smirin,I-Beliavsky,A/Moscow 2002/
CBM 090 (24)}) 14. Bc2 {White transfers the bishop to b1-h7 diagonal in order
to complete the development of queenside. It should be noted, that
light-squared bishop can take part in attack on black's monarch.} ({White
didn't achieve anything special after} 14. d5 Ne5 15. Nd4 c5 16. dxc6 Nxc6 17.
Nxc6 Qxc6 18. f3 Re5 (18... d5 $1 $15) 19. Nf1 Rae8 20. Bf4 $14 {1-0 Bakhtadze,
G-Saha,J/Duisburg 1992/TD (37)}) 14... Nb4 {[%cal Yc7c5] emphasizing the
drawback of white's a2-a4. It is a typical maneouvre of the knight to b4, that
liberates the way to the "c" pawn.} (14... g6 15. b3 Bg7 16. Bb2 Nb4 17. Bb1 a5
18. axb5 Qxb5 19. Qc1 d5 20. e5 Ne4 21. Nxe4 dxe4 22. Bxe4 Bxe4 23. Rxe4 Qd3
$13 {1/2-1/2 Svidler,P-Goldin,A/Tivat 1995/CBM 048 ext (54)}) 15. Bb1 g6 {
preparing to fianchette the dark-squared bishop.} 16. b3 {preparing the b2
square for the bishop. White tried also:} (16. e5 dxe5 17. dxe5 Nh5 18. axb5
Qxb5 19. Nd4 Qd7 20. Qg4 Qxg4 21. hxg4 Nf6 22. g5 Ng4 23. Ne4 Rxe5 $15 {
1/2-1/2 Sznapik,A-Goldin,A/Warsaw 1990/CBM 017 (42)}) (16. d5 c6 17. Qb3 a5 18.
dxc6 Qxc6 19. Qc3 Bg7 20. Qxc6 Bxc6 21. Nd4 Bxe4 22. Nxe4 Nxe4 23. Rxe4 Rxe4
24. Bxe4 Re8 $11 {1/2-1/2 Ivanovic,B-Nikolic,P/Niksic 1983/MCD (34)}) 16... c5
$146 {attacking white's centre.} ({Black has another plan:} 16... Bg7 17. Bb2
a5 18. Bc3 Nh5 19. Nf1 c5 20. Qd2 bxa4 21. Rxa4 Bc6 22. Ra3 Bb5 23. Ne3 Nf4 24.
d5 Bxc3 25. Qxc3 h5 26. Nc4 $14 {0-1 Polgar,S-Goldin,A/Rishon Le Ziyyon 1996/
CBM 053 (52)}) 17. Bb2 {[%cal Ye4e5] The following continuations, probably,
don't promise white an advantage:} (17. Ba3 $5 a5 (17... Bg7 18. Bxb4 cxb4 19.
Bd3 bxa4 20. Rxa4 a5 21. d5 $14 {[%cal Yd2c4]} (21. Qa1 Qc7)) 18. axb5 Qxb5 19.
d5 Bg7 (19... Nfxd5 20. exd5 Rxe1+ 21. Nxe1 Bg7 22. Bxb4 Bxa1 23. Ba3 $14) 20.
Nc4 (20. Bb2 Nxe4 21. Bxg7 Nxd2 $17) 20... Nfxd5 (20... Ra6 21. Bb2 $14 a4 $141
$2 22. bxa4 Qxc4 $2 23. Nd2 $18) 21. Nxd6 Qd7 22. Nxe8 Bxa1 23. exd5 Rxe8 24.
Rxe8+ Qxe8 25. Bxg6 hxg6 26. Qxa1 Bxd5 $11) (17. dxc5 dxc5 18. e5 Nfd5 19. Bb2
Rad8 $13) 17... cxd4 $1 {With this capture black destroyed white's plans of
e4-e5 breakthrough.} ({Worse is} 17... Bg7 18. e5 dxe5 19. dxe5 Nfd5 20. Ne4
$14 {[%cal Ye4d6,Ge4c5]}) 18. axb5 (18. Nxd4 Bg7 $11) (18. Bxd4 Bg7 19. axb5
axb5 {leads to the game.}) 18... axb5 19. Rxa8 Bxa8 20. Bxd4 Bg7 {The position
is near to equality. Black compensates his inferior pawn structure by activity
of the pieces and serious pressure on the e4 pawn.} 21. Nf1 {opening the "d"
file for the heavy pieces.} Nc6 {transfering the knight to e5.} ({Of course not
} 21... Nxe4 $4 22. Bxg7 Kxg7 23. Bxe4 $18 {[%cal Yd1d4]}) 22. Bb2 Ne5 23. Ng3
({If} 23. Nd4 {[%cal Yf2f4] black prevents white's "f" pawn advance by} Nh5 $1
$11 {[%cal Yd6d5]}) {White has a space advantage, therefore, black changes
pieces.} 23... Nxf3+ 24. Qxf3 Qe6 $1 {protecting the knight, and, at the same
time, liberating the d7 square for the knight.} 25. Re2 {moving the rook to
protected square.} Nd7 {The maneouvre of the knight to e5 absolutely equalizes
the game.} 26. Bxg7 Kxg7 27. Qd3 Qe5 28. Rd2 {trying to win the pawn.} Nf6 $1 {
counterattacking the e4 pawn.} 29. Qxd6 Qxd6 30. Rxd6 Nxe4 31. Bxe4 Bxe4 32.
Nxe4 {This endgame is deadly drawish, therefore, the opponents agreed for a
draw.} 1/2-1/2

[Event "Rishon Le Ziyyon"]
[Site "Rishon Le Ziyyon"]
[Date "1994.??.??"]
[Round "9"]
[White "Gofshtein, Leonid D"]
[Black "Davies, Nigel Rodney"]
[Result "0-1"]
[WhiteElo "2495"]
[BlackElo "2510"]
[Annotator "Ernst,T"]
[PlyCount "131"]
[EventDate "1994.11.??"]
[EventType "tourn"]
[EventRounds "11"]
[EventCountry "ISR"]
[EventCategory "11"]
[SourceTitle "CBM 045"]
[Source "ChessBase"]
[SourceDate "1995.04.01"]
[SourceVersion "1"]
[SourceVersionDate "1995.04.01"]
[SourceQuality "1"]

1. e4 e5 2. Nf3 Nc6 3. Bb5 a6 4. Ba4 Nf6 5. O-O Be7 6. Re1 b5 7. Bb3 d6 8. c3
O-O 9. h3 Be6 {[#]} 10. d4 Bxb3 11. axb3 {<-> a} exd4 12. cxd4 Nb4 {[#]} (12...
d5 $5 13. e5 Nd7 {/\ Nb6.}) 13. d5 (13. Nc3 c5 14. Bf4 (14. d5 Re8 15. Bf4 Qb6
16. Qd2 Rad8 $10 {Gurgenidze,B-Kholmov,R/USR-ch26/1959 0-1 (59)}) (14. Qe2 $5
Nd7 $14 {Gufeld,E} (14... Re8 $2 15. dxc5 dxc5 16. e5 $16 {Gufeld,E-Westerinen,
H/Sevilla/1987/ Inf 44/(420)})) 14... Re8 (14... c4 15. bxc4 bxc4 16. Bg5 $14 {
Ivanchuk,V-Agdestein,S/Tilburg/1989 1-0 (38)/ Inf 48/(468)}) 15. Re2 (15. d5 {
- 14.d5}) 15... Qb6 $13 {Short,N-Piket,J/Amsterdam/1993 0,5(39)/ Inf 57/352})
13... c5 (13... Nd7 14. Bd2 $1 $14 {Yudasin,L-Kuzmin,G/URS-ch/1990 0,5(34)/
Inf 50/382}) 14. dxc6 d5 (14... Nxc6 $6 15. Nc3 Ne5 16. Nd4 $16) 15. e5 $1 Ne4
16. Nc3 Nxc3 (16... Nc5 $6 17. Be3 Ne6 18. Re2 $16 {Zuckerman,B-Ostojic,Pr/
Wijk aan Zee/1968 0,5(77)/ Inf 5/297}) 17. bxc3 Nxc6 18. Qd3 Re8 (18... Qd7 19.
Bg5 $1 Rfd8 (19... Rfe8 20. Bxe7 Nxe7 21. Nd4 $14 {Suetin,A-Kholmov,R/
Leningrad/1962 1-0(33)}) 20. Re2 $14 h6 (20... Qe6 $6 21. Rae1 Rac8 22. Bxe7
Nxe7 23. Nd4 $16 {Beliavsky,A-Kuzmin,G/URS-ch/1990 0,5(41)/ Inf 50/581}) 21.
Bxe7 Qxe7 22. Nd4 Nxd4 23. cxd4 (23. Qxd4 Qa7 24. Qxa7 Rxa7 $10 {Fleck,
J-Luetke,J/Deutschland/1991 0,5(27)}) 23... Qe6 24. f4 f5 25. g4 g6 26. gxf5
gxf5 27. Rg2+ Kh8 {Beliavsky,A}) 19. e6 $6 (19. Nd4 Qd7) (19. Bf4 Qd7 (19...
Bc5 20. b4 $1 (20. Rad1 $6 Qb6 21. Rd2 b4 $1) 20... Bb6 21. Rad1 $16) (19... b4
20. c4 dxc4 21. Qxc4 Na5 22. Qc2 Rc8 23. Qa2 Rc5 24. Red1 $14 {/\ 25.Be3}) 20.
Rad1 (20. Red1 Red8 21. c4 bxc4 22. bxc4 Nb4 23. Qe2 Qf5 24. Bd2 dxc4 $13) (20.
Ra2 $5 $14) 20... Rad8 21. Ng5 (21. h4 Qg4) 21... Bxg5 22. Bxg5 Rc8 (22... Nxe5
$2 23. Qg3 $18) 23. Qxd5 (23. Qg3 Kh8 $10) 23... Qxd5 24. Rxd5 f6 $10) 19...
fxe6 20. Rxe6 Qd7 21. Re2 {[#] Suetin:+/=.Suetin,A-Nei,I/Daugavpils/1974} b4 $1
22. c4 Bf6 23. Raa2 d4 24. Bg5 a5 25. Bxf6 gxf6 26. Nh4 Ne5 27. Qg3+ Kh8 28.
Qf4 d3 29. Re4 $6 (29. Qxf6+ Qg7 30. Qxg7+ Kxg7 31. Red2 a4 $1 32. f4 $2 (32.
Nf5+ $2 Kg6 33. Nd6 axb3 $19) 32... axb3 33. Rxa8 Rxa8 34. fxe5 Ra2 $19) 29...
Qc6 30. Rd4 Rg8 31. Kh2 a4 32. bxa4 Rad8 33. Rd5 Rde8 34. Rd2 b3 35. Nf3 Nxc4
36. R2xd3 b2 37. Rb5 Ne5 38. Rdb3 Rxg2+ $1 39. Kxg2 Rg8+ 40. Kh2 b1=Q 41. Rxb1
Nxf3+ 42. Kh1 Nd4+ 43. f3 Ne2 $1 44. Rb6 (44. Qe3 Ng3+ 45. Kh2 Qc2+ 46. Kg1
Nf5+ $19) 44... Qxb6 45. Rxb6 Nxf4 46. Rxf6 Nh5 47. Rb6 Rc8 48. a5 Rc2 49. a6
Ra2 50. Kg1 Ng3 51. Rd6 Kg7 52. Rb6 h6 53. h4 Nf5 54. h5 Nd4 55. Rg6+ Kh7 56.
Rf6 Kg7 57. Rg6+ Kh7 58. Rf6 Ne2+ 59. Kf1 Ng3+ 60. Ke1 Nxh5 61. Rd6 Ng3 62.
Rd7+ Kg6 63. a7 Nf5 64. f4 h5 65. Rb7 h4 66. Rb2 0-1